00702cam a2200217 a 4500008004100000020002300041100002100064245009000085250001200175260003800187300004000225490004300265500002000308504004100328650003800369650002700407700002300434003000100457005001700458040000900475  a0321116399 (pbk. )1 aKrugman, Paul R.10aInternational economics :btheory and policy /cPaul R. Krugman and Maurice Obstfeld. a6th ed. aBoston :bAddison-Wesley,cc2006. axxix, 754 p. :bcol. ill. ;c24 cm. aThe Addison-Wesley series in economics aIncludes index. aIncludes bibliographical references. 0aInternational economic relations. 0aInternational finance.1 aObstfeld, Maurice.20230123122049.0 cNUST